Faiz Ahmed Faiz: (Record no. 200751)

MARC details
000 -LEADER
fixed length control field 00503nam a22001817a 4500
005 - DATE AND TIME OF LATEST TRANSACTION
control field 20240215105939.0
010 ## - LCCN (DPL NO)
LC control number ENG-139269
020 ## - INTERNATIONAL STANDARD BOOK NUMBER
International Standard Book Number 9788170175193
Terms of availability 390.00
035 ## - SYSTEM CONTROL NUMBER
System control number EN-122801
037 ## - SOURCE OF ACQUISITION
Source of stock number/acquisition DBAD/PUB
082 ## - DEWEY DECIMAL CLASSIFICATION NUMBER
Classification number 881
100 ## - MAIN ENTRY--PERSONAL NAME
Personal name Rahman,Sarvat
245 ## - TITLE STATEMENT
Title Faiz Ahmed Faiz:
Statement of responsibility, etc Sarvat Rahman
260 ## - PUBLICATION, DISTRIBUTION, ETC. (IMPRINT)
Place of publication, distribution, etc New Delhi
Name of publisher, distributor, etc Abhinav Publications
Date of publication, distribution, etc 2011
270 ## - ADDRESS
Address E-37 ,hauz khas
City New Delhi
Postal code 110016
300 ## - PHYSICAL DESCRIPTION
Extent 116 p.
Dimensions 23cm(pbk)
942 ## - ADDED ENTRY ELEMENTS (KOHA)
Source of classification or shelving scheme Dewey Decimal Classification
Item type English Books
Classification part 881
Call number suffix RAH
Holdings
Withdrawn status Lost status Not for loan Collection code Home library Current library Date acquired Source of acquisition Cost, normal purchase price Full call number Barcode Copy number Cost, replacement price Koha item type
    Not For Loan Reference Sarojini Nagar Sarojini Nagar 15/02/2024 DBAD/PUB 390.00 881 RAH EN-122801 1 390.00 English Books

© Delhi Public Library
Hit Counter
free hit counter